Samundramanthan of Vocabulary/ (Record no. 213467)

MARC details
000 -LEADER
fixed length control field 00539nam a22001817a 4500
005 - DATE AND TIME OF LATEST TRANSACTION
control field 20250926112712.0
010 ## - LCCN (DPL NO)
LC control number ENG-146863
020 ## - INTERNATIONAL STANDARD BOOK NUMBER
International Standard Book Number 9789369588718
Terms of availability 575.00
035 ## - SYSTEM CONTROL NUMBER
System control number EN-130395
037 ## - SOURCE OF ACQUISITION
Source of stock number/acquisition DBAD
082 ## - DEWEY DECIMAL CLASSIFICATION NUMBER
Edition number 1
Classification number 000
100 ## - MAIN ENTRY--PERSONAL NAME
Personal name Rani Singh
245 ## - TITLE STATEMENT
Title Samundramanthan of Vocabulary/
Statement of responsibility, etc Rani Singh
260 ## - PUBLICATION, DISTRIBUTION, ETC. (IMPRINT)
Place of publication, distribution, etc Uttar Pradesh
Name of publisher, distributor, etc S. Chand Publishing
Date of publication, distribution, etc 2025
270 ## - ADDRESS
Address D-92, Sector-2, Noida
City Uttar Pradesh
Postal code 201301
Telephone number 61-120-4682700
300 ## - PHYSICAL DESCRIPTION
Extent 470p.
Dimensions 27cm(pb)
942 ## - ADDED ENTRY ELEMENTS (KOHA)
Source of classification or shelving scheme Dewey Decimal Classification
Item type English Books
Classification part 000
Call number suffix RAN
Holdings
Withdrawn status Lost status Not for loan Collection code Home library Current library Date acquired Source of acquisition Cost, normal purchase price Full call number Barcode Copy number Cost, replacement price Koha item type
      Non-fiction Central Library Central Library 26/09/2025 Delivery of Books Act Division 575.00 000 RAN EN-130395 1 575.00 English Books

© Delhi Public Library
Hit Counter
free hit counter